[Event "Challenge"]
[Site "http://www.queenalice.com/game.php?id=707849"]
[Date "2010.1.3"]
[Round "-"]
[White "Bernhardur"]
[Black "sisyfos"]
[Result "1-0"]
[WhiteElo "2110"]
[BlackElo "1100"]

1. e4 e5 2. Nf3 Nc6 3. c3 Nf6 4. d4 Nxe4 5. d5 Ne7 6. Nxe5 Ng6 7. Nxg6 hxg6 8.
Be3 b6 9. Nd2 f5 10. Nxe4 fxe4 11. Qd4 Qe7 12. O-O-O a5 13. Be2 g5 14. f3 Rh4
15. g3 exf3 16. gxh4 fxe2 17. Rde1 Ba6 18. Bxg5 Qf7 19. c4 Bc5 20. Rxe2+ Kf8 21.
Qd3 Qh5 22. Qe4 Re8 23. Rf1+ 1-0

[Event "Challenge"]
[Site "http://www.queenalice.com/game.php?id=709612"]
[Date "2010.1.7"]
[Round "-"]
[White "duro63"]
[Black "sisyfos"]
[Result "0-1"]
[WhiteElo "1935"]
[BlackElo "1222"]

1. e3 f5 2. d3 Nf6 3. Ne2 b6 4. b3 e5 5. Bb2 d6 6. Nd2 Bb7 7. Nc3 Be7 8. Qe2 c6
9. g3 Nbd7 10. Bg2 b5 11. a3 O-O 12. h3 Qc7 13. O-O Rae8 14. a4 b4 15. Na2 c5
16. Rac1 d5 17. c4 d4 18. Bxb7 Qxb7 19. Qf3 Qxf3 20. Nxf3 Bd6 21. Rce1 h6 22.
Nh4 Nh5 23. Ng2 Ndf6 24. f4 Nxg3 25. Rf3 Nfh5 26. fxe5 Rxe5 27. exd4 Ne2+ 28.
Kf2 Nxd4 29. Bxd4 Rxe1 30. Kxe1 cxd4 31. Nc1 g5 32. Ne2 Be5 33. h4 g4 34. Rf1 f4
35. Kd2 f3 36. Ne1 fxe2 37. Rxf8+ Kxf8 38. Kxe2 a5 39. Ng2 Nf4+ 40. Nxf4 Bxf4
41. c5 Ke7 42. Ke1 Kf6 43. h5 Kg5 44. Kf1 Kxh5 45. Kg2 Kh4 46. c6 h5 47. c7 Bxc7
48. Kf2 Kh3 49. Ke2 Kg2 50. Ke1 h4 51. Ke2 h3 52. Kd1 Kf2 53. Kc1 g3 54. Kb1 h2
55. Kc2 g2 56. Kb2 g1=Q 57. Ka2 h1=Q 0-1

[Event "Challenge"]
[Site "http://www.queenalice.com/game.php?id=709641"]
[Date "2010.1.7"]
[Round "-"]
[White "CarlosRutherford72"]
[Black "sisyfos"]
[Result "0-1"]
[WhiteElo "1311"]
[BlackElo "1100"]

1. e4 e5 2. Nf3 Nc6 3. Bb5 d6 4. d4 Bd7 5. d5 Nce7 6. Qd3 Nf6 7. Nbd2 Ng6 8. Qb3
Qc8 9. Qa4 Be7 10. O-O a6 11. Bxd7+ Nxd7 0-1

[Event "Guttesen"]
[Site "http://www.queenalice.com/game.php?id=710326"]
[Date "2010.1.8"]
[Round "-"]
[White "sisyfos"]
[Black "dequeue"]
[Result "0-1"]
[WhiteElo "1100"]
[BlackElo "1909"]

1. d4 f5 2. e4 fxe4 3. Nc3 Nf6 4. Bg5 Nc6 5. d5 Ne5 6. Bxf6 exf6 7. Qd4 Nf7 8.
O-O-O Be7 9. h4 d6 10. Qxe4 f5 11. Qf3 Bxh4 12. Bb5+ Kf8 13. Nh3 g6 14. Rde1 Kg7
15. Ne2 a6 16. Ba4 Ne5 17. Qe3 Bf6 18. f4 Nc4 19. Qf3 Bxb2+ 20. Kd1 Bf6 21. c3
Nb2+ 0-1

[Event "Challenge"]
[Site "http://www.queenalice.com/game.php?id=710947"]
[Date "2010.1.9"]
[Round "-"]
[White "sisyfos"]
[Black "Bernhardur"]
[Result "0-1"]
[WhiteElo "1100"]
[BlackElo "2117"]

1. d4 f5 2. e4 d6 3. Bc4 Nf6 4. exf5 Bxf5 5. Nf3 h6 6. Nc3 d5 7. Bd3 e6 8. O-O
Be7 9. Re1 O-O 10. Ne2 Bd6 11. Nf4 Bxf4 12. Bxf4 Nc6 13. c3 Bxd3 14. Qxd3 Ne4
15. Qe3 Rf6 16. Re2 Qd7 17. Ne5 Nxe5 18. Bxe5 Rf5 19. f3 Ng5 20. Rf1 Raf8 21. h4
Nh7 22. g4 R5f7 23. Qd3 a5 24. Rh2 Nf6 25. Rh3 Nxg4 26. f4 Nxe5 0-1

[Event "Challenge"]
[Site "http://www.queenalice.com/game.php?id=719215"]
[Date "2010.1.24"]
[Round "-"]
[White "Bernhardur"]
[Black "sisyfos"]
[Result "0-1"]
[WhiteElo "2093"]
[BlackElo "1222"]

1. Nf3 f5 2. g3 Nf6 3. Bg2 e6 4. O-O d5 5. d4 Bd6 6. Nc3 c6 7. Bg5 O-O 8. e3
Nbd7 9. Re1 Qe8 10. Bxf6 Rxf6 11. Ng5 h6 12. Nh3 g5 13. f4 g4 14. Nf2 h5 15. a3
Rh6 16. Ne2 Nf8 17. Rc1 Bd7 18. c4 Ng6 19. cxd5 cxd5 20. Qd2 Qe7 21. Rc3 Kg7 22.
Rec1 Rah8 23. b4 Kf6 24. Qb2 Qh7 25. h3 h4 26. hxg4 hxg3 27. g5+ Ke7 28. gxh6
gxf2+ 29. Kxf2 Qxh6 30. Rh1 Nh4 31. Rcc1 Bb5 32. Rh2 Bxe2 33. Qxe2 Bxf4 34. Rh3
Rg8 35. Bh1 Qg5 36. exf4 Qxf4+ 37. Bf3 Rg2+ 0-1

[Event "Challenge"]
[Site "http://www.queenalice.com/game.php?id=727893"]
[Date "2010.2.8"]
[Round "-"]
[White "sisyfos"]
[Black "Bernhardur"]
[Result "1-0"]
[WhiteElo "1222"]
[BlackElo "2054"]

1. d4 Nf6 2. e3 g6 3. Bd3 Bg7 4. Nd2 d5 5. c3 O-O 6. f4 e6 7. Ngf3 Nbd7 8. h3 c5
9. O-O c4 10. Bc2 b6 11. g4 h6 12. Qe1 Nh7 13. e4 f5 14. exf5 exf5 15. Qe6+ Kh8
16. Qxd5 Rb8 17. Qxc4 fxg4 18. Ne5 Nxe5 19. dxe5 gxh3 20. Nf3 g5 21. Bxh7 Kxh7
22. fxg5 1-0

[Event "Challenge"]
[Site "http://www.queenalice.com/game.php?id=727894"]
[Date "2010.2.8"]
[Round "-"]
[White "dequeue"]
[Black "sisyfos"]
[Result "0-1"]
[WhiteElo "1819"]
[BlackElo "1222"]

1. e4 e5 2. f4 d5 3. exd5 e4 4. d3 Nf6 5. dxe4 Nxe4 6. Nf3 Bc5 7. Qe2 Bf5 8. Nc3
Qe7 9. Be3 Bxe3 10. Qxe3 Nxc3 11. Qxe7+ Kxe7 12. bxc3 Be4 13. Ng5 Bxd5 14. c4
Bc6 15. Bd3 h6 16. Ne4 Nd7 17. O-O Rhe8 18. f5 Bxe4 19. Bxe4 Nc5 20. Bf3 Rad8
21. f6+ gxf6 22. Rae1+ Kf8 23. Rb1 b6 24. Bd5 Rd6 25. Rf3 c6 26. Rd1 Re5 27.
Rdf1 cxd5 28. Rxf6 Rxf6 29. Rxf6 Kg7 30. Rf4 Re4 0-1

[Event "Challenge"]
[Site "http://www.queenalice.com/game.php?id=729389"]
[Date "2010.2.10"]
[Round "-"]
[White "Bernhardur"]
[Black "sisyfos"]
[Result "1-0"]
[WhiteElo "2040"]
[BlackElo "1222"]

1. e4 e5 2. Nf3 Nf6 3. Nc3 Nc6 4. Bb5 Bb4 5. O-O O-O 6. d3 d6 7. Bg5 Bxc3 8.
Bxc6 Bxb2 9. Rb1 bxc6 10. Rxb2 h6 11. Bh4 Bg4 12. h3 Bxf3 13. Qxf3 d5 14. exd5
cxd5 15. Re1 Re8 16. c3 Qd6 17. Bxf6 gxf6 18. Rbe2 Qe6 19. Qh5 Kh7 20. d4 e4 21.
f3 f5 22. fxe4 fxe4 23. Rf1 1-0

[Event "Challenge"]
[Site "http://www.queenalice.com/game.php?id=752686"]
[Date "2010.3.28"]
[Round "-"]
[White "Bernhardur"]
[Black "sisyfos"]
[Result "0-1"]
[WhiteElo "2106"]
[BlackElo "1222"]

1. e4 g6 2. d4 Bg7 3. Nc3 d6 4. Be3 b6 5. Nf3 Nd7 6. Bc4 e6 7. O-O Ne7 8. Re1
O-O 9. Ne2 e5 10. dxe5 Nxe5 11. Nxe5 dxe5 12. h3 Bb7 13. Ng3 Kh8 14. Qc1 Ng8 15.
f3 Qe7 16. a3 Rad8 17. c3 Bc8 18. Qc2 h5 19. Rad1 Rxd1 20. Rxd1 Nh6 21. Qc1 Kh7
22. Rd3 Qh4 23. Bf2 Qe7 24. Qd1 Bf6 25. Qe2 Bg5 26. Be3 Bh4 27. Bf2 Bxg3 28.
Bxg3 Qc5+ 0-1

[Event "Challenge"]
[Site "http://www.queenalice.com/game.php?id=752687"]
[Date "2010.3.28"]
[Round "-"]
[White "sisyfos"]
[Black "Bernhardur"]
[Result "1-0"]
[WhiteElo "1222"]
[BlackElo "2106"]

1. d4 Nf6 2. e3 e6 3. Bd3 d5 4. Nd2 c5 5. c3 Nc6 6. f4 Be7 7. Nh3 Qc7 8. O-O c4
9. Bc2 O-O 10. Qf3 h6 11. e4 dxe4 12. Nxe4 Nxe4 13. Qxe4 g6 14. g4 f5 15. Qe2 b5
16. a4 Qb6 17. Be3 Qb7 18. gxf5 exf5 19. Qg2 Rf6 20. axb5 Qxb5 21. Ba4 Qb7 22.
Qd5+ Re6 23. Qxc4 Na5 24. Qa2 1-0

[Event "Challenge"]
[Site "http://www.queenalice.com/game.php?id=938698"]
[Date "2011.5.16"]
[Round "-"]
[White "sisyfos"]
[Black "Bernhardur"]
[Result "0-1"]
[WhiteElo "1222"]
[BlackElo "2353"]

1. d4 f5 2. e4 fxe4 3. Nc3 Nf6 4. f3 d5 5. Bg5 Nc6 6. Bb5 Qd6 7. Bxf6 exf6 8.
fxe4 dxe4 9. d5 a6 10. Ba4 b5 11. Nxb5 axb5 12. Bxb5 Qb4+ 0-1

[Event "Challenge"]
[Site "http://www.queenalice.com/game.php?id=939741"]
[Date "2011.5.18"]
[Round "-"]
[White "sisyfos"]
[Black "Bernhardur"]
[Result "0-1"]
[WhiteElo "1222"]
[BlackElo "2355"]

1. e4 e6 2. d3 d5 3. Nd2 c5 4. Ngf3 Nc6 5. g3 g6 6. Bg2 Bg7 7. c3 Nge7 8. O-O
O-O 9. Nh4 b6 10. f4 Ba6 11. Rf3 Rb8 12. Qe1 Qd7 13. Rb1 f6 14. g4 g5 15. f5 Ne5
16. fxe6 Qxe6 17. Nf5 Nxf3+ 18. Bxf3 Bxd3 19. Ra1 dxe4 20. Nxe7+ Qxe7 21. Nxe4
Rfe8 0-1

[Event "Challenge"]
[Site "http://www.queenalice.com/game.php?id=941286"]
[Date "2011.5.22"]
[Round "-"]
[White "Bernhardur"]
[Black "sisyfos"]
[Result "1-0"]
[WhiteElo "2356"]
[BlackElo "1222"]

1. f4 e5 2. fxe5 d6 3. d4 dxe5 4. dxe5 Qxd1+ 5. Kxd1 Nc6 6. Nf3 Bf5 7. Nc3
O-O-O+ 8. Bd2 Bb4 9. Rb1 Nge7 10. Kc1 Rd7 11. e4 Bg4 12. Bb5 a6 13. Bxc6 Nxc6
14. a3 Bxf3 15. gxf3 Bc5 16. b4 Bd4 17. f4 Rhd8 18. Nd5 Na7 19. Rb3 Nb5 20. Be3
Kb8 21. c4 c6 22. cxb5 h6 23. Bxd4 1-0

[Event "Challenge"]
[Site "http://www.queenalice.com/game.php?id=969059"]
[Date "2011.8.5"]
[Round "-"]
[White "Bernhardur"]
[Black "sisyfos"]
[Result "1-0"]
[WhiteElo "2358"]
[BlackElo "1222"]

1. Nf3 Nf6 2. b3 d6 3. d3 g6 4. Bb2 Bg7 5. e4 e5 6. Nbd2 Nc6 7. h3 O-O 8. Be2 h6
9. c3 Nh7 10. d4 g5 11. d5 Ne7 12. g4 Ng6 13. Nf1 c6 14. c4 cxd5 15. cxd5 h5 16.
gxh5 Nf4 17. Ng1 g4 18. hxg4 Ng2+ 19. Kd2 Bf5 20. gxf5 Rc8 21. Bc4 Bh6+ 22. Ne3
1-0

[Event "Challenge"]
[Site "http://www.queenalice.com/game.php?id=1157411"]
[Date "2013.3.3"]
[Round "-"]
[White "Bernhardur"]
[Black "sisyfos"]
[Result "1-0"]
[WhiteElo "2276"]
[BlackElo "1222"]

1. f4 b5 2. e4 Bb7 3. Bd3 Nf6 4. Qe2 c5 5. c3 c4 6. Bc2 Qc7 7. d3 cxd3 8. Bxd3
e6 9. Nh3 Bc5 10. Be3 Bxe3 11. Qxe3 Nc6 12. Nd2 b4 13. c4 d5 14. e5 d4 15. Qe2
Nd7 16. O-O Nc5 17. Nf2 Ne7 18. b3 Nf5 19. Bxf5 exf5 20. Nd3 a5 21. Nxc5 Qxc5
22. Rad1 O-O-O 23. Nf3 Rhe8 24. Qf2 Bxf3 25. Qxf3 g6 26. Rd3 Kc7 27. g4 Rg8 28.
h3 g5 29. Kh2 h5 30. gxf5 g4 31. Qe4 Qe7 32. e6 f6 33. Rxd4 gxh3 34. Rfd1 1-0

[Event "Challenge"]
[Site "http://www.queenalice.com/game.php?id=1166907"]
[Date "2013.4.1"]
[Round "-"]
[White "sisyfos"]
[Black "Bernhardur"]
[Result "0-1"]
[WhiteElo "1222"]
[BlackElo "2279"]

1. d4 c6 2. Nf3 d5 3. Bf4 Nf6 4. e3 Bf5 5. c4 Bxb1 6. Bxb8 Bxa2 7. Rxa2 Qxb8 8.
c5 e6 9. Bd3 Be7 10. b4 a6 11. Qc2 O-O 12. Ke2 Qc7 13. Ng5 h6 14. h4 a5 15. g4
axb4 16. Bh7+ Kh8 17. Rxa8 Bxc5 18. Rxf8+ Bxf8 19. Bd3 Nxg4 20. f3 Nf6 21. f4 b6
22. Bb5 Kg8 23. Nf3 Ne4 24. Bd3 Ng3+ 25. Kf2 Nxh1+ 26. Kg2 c5 27. Bb5 Qa7 28.
Qa4 Qxa4 29. Bxa4 c4 30. Bd1 b3 31. Nd2 Bb4 32. Nb1 Be1 33. Kxh1 Bxh4 34. Nc3
Be1 35. Nb5 Bd2 0-1

[Event "Challenge"]
[Site "http://www.queenalice.com/game.php?id=1166908"]
[Date "2013.4.1"]
[Round "-"]
[White "Bernhardur"]
[Black "sisyfos"]
[Result "1-0"]
[WhiteElo "2278"]
[BlackElo "1222"]

1. e4 e5 2. Nc3 Nf6 3. g3 d5 4. exd5 Nxd5 5. Qf3 Nxc3 6. Qxc3 Qd4 7. Qxc7 Bc5 8.
Qxc8+ Ke7 9. Qf5 g6 10. Qf3 Nc6 11. c3 1-0

[Event "Challenge"]
[Site "http://www.queenalice.com/game.php?id=1171501"]
[Date "2013.4.14"]
[Round "-"]
[White "Bernhardur"]
[Black "sisyfos"]
[Result "1-0"]
[WhiteElo "2280"]
[BlackElo "1222"]

1. Nf3 f5 2. g3 Nf6 3. Bg2 e6 4. O-O Be7 5. c4 O-O 6. d4 d5 7. c5 Bd7 8. b4 a5
9. bxa5 Nc6 10. e3 Nxa5 11. a4 Ne4 12. Ne5 b5 13. Nxd7 Qxd7 14. axb5 Qxb5 15.
Nd2 Nc4 16. Rxa8 Rxa8 17. Nxe4 dxe4 18. Bd2 Ra2 19. Bc3 Na3 20. g4 Rc2 21. Be1
Re2 22. d5 Nc2 23. Bc3 1-0

[Event "Challenge"]
[Site "http://www.queenalice.com/game.php?id=1180571"]
[Date "2013.5.11"]
[Round "-"]
[White "sisyfos"]
[Black "Bernhardur"]
[Result "0-1"]
[WhiteElo "1222"]
[BlackElo "2289"]

1. d4 d6 2. e4 Nf6 3. Bc4 Nxe4 4. Bxf7+ Kxf7 5. Qh5+ Kg8 6. Qd5+ e6 7. Qxe4 d5
8. Qe2 c5 9. Nf3 cxd4 10. Nxd4 Qf6 11. Nf3 Nc6 12. Nc3 Bb4 13. Bd2 h6 14. h4
Bxc3 15. Bxc3 d4 16. Bd2 e5 17. O-O-O Bf5 18. h5 Rc8 0-1

[Event "Challenge"]
[Site "http://www.queenalice.com/game.php?id=1191507"]
[Date "2013.6.16"]
[Round "-"]
[White "sisyfos"]
[Black "Bernhardur"]
[Result "0-1"]
[WhiteElo "1222"]
[BlackElo "2290"]

1. d4 d6 2. e4 Nf6 3. Bd3 g6 4. c4 Bg7 5. Nc3 c6 6. Nge2 Nbd7 7. f3 a6 8. Be3 b5
9. b4 e5 10. Qb3 exd4 11. Nxd4 Qc7 12. cxb5 axb5 0-1